000 01377cam a2200337 a 4500
001 12491338
003 ARRUPE
005 20220401080039.0
008 010802s2002 nyu b 001 0 eng
010 _a 2001004681
020 _a0801439450 (alk. paper)
040 _aDLC
_cDLC
042 _apcc
043 _ae-fr---
050 0 0 _aDC158.8
_b.B38 2002
082 0 0 _a944.04
_221
100 1 _aBates, David William.
_951094
245 1 0 _aEnlightenment aberrations :
_berror and revolution in France /
_cDavid W. Bates.
260 _aIthaca :
_bCornell University Press,
_c2002.
300 _axiii, 262 p. ;
_c24 cm.
500 _aEarlier versions of some chapters have appeared in the journals Representations, Eighteenth-Century Studies, and The Eighteenth Century, Theory and Interpretation.
504 _aIncludes bibliographical references and index.
650 0 _aError.
_951095
650 0 _aEnlightenment
_zFrance.
651 0 _aFrance
_xHistory
_yRevolution, 1789-1799.
_951096
651 0 _aFrance
_xIntellectual life
_y18th century.
856 4 _3Table of Contents
_uhttp://www.loc.gov/catdir/toc/ecip02/2001004681.html
906 _a7
_bcbc
_corignew
_d1
_eecip
_f20
_gy-gencatlg
942 _2lcc
_cMONOGRAPH
999 _c131181
_d131181